Fiscal Policy to Mitigate Climate Change : A Guide for Policymakers /

Efforts to control atmospheric accumulations of greenhouse gases that threaten to heat up the planet are in their infancy. Although the IMF is not an environmental organization, environmental issues matter for its mission when they have major implications for macroeconomic performance and fiscal pol...

Fuld beskrivelse

Bibliografiske detaljer
Hovedforfatter: Mooij, Ruud A.
Andre forfattere: Keen, Michael, Parry, Ian
Format: Tidsskrift
Sprog:English
Udgivet: Washington, D.C. : International Monetary Fund, 2012.
Online adgang:Full text available on IMF
LEADER 01347cas a2200217 a 4500
001 AALejournalIMF011815
008 230101c9999 xx r poo 0 0eng d
020 |z 9781616353933 
040 |a BD-DhAAL  |c BD-DhAAL 
100 1 |a Mooij, Ruud A. 
245 1 0 |a Fiscal Policy to Mitigate Climate Change :   |b A Guide for Policymakers /  |c Ruud A. Mooij, Michael Keen, Ian Parry. 
264 1 |a Washington, D.C. :  |b International Monetary Fund,  |c 2012. 
300 |a 1 online resource (218 pages) 
500 |a <strong>Off-Campus Access:</strong> No User ID or Password Required 
500 |a <strong>On-Campus Access:</strong> No User ID or Password Required 
506 |a Electronic access restricted to authorized BRAC University faculty, staff and students 
520 3 |a Efforts to control atmospheric accumulations of greenhouse gases that threaten to heat up the planet are in their infancy. Although the IMF is not an environmental organization, environmental issues matter for its mission when they have major implications for macroeconomic performance and fiscal policy. Climate change clearly passes both these tests. 
538 |a Mode of access: Internet 
700 1 |a Keen, Michael. 
700 1 |a Parry, Ian. 
856 4 0 |z Full text available on IMF  |u http://elibrary.imf.org/view/books/071/12762-9781616353933-en/12762-9781616353933-en-book.xml  |z IMF e-Library